Día de la provincia, en Hospitalet de Llobregat, honrado por los príncipes de España
Publicado:
San Jorge, núm. 88 (4t trimestre 1972), pàg 6 - 16 :
Materias:
Joan Carles -- I, -- rei d'Espanya, -- 1938-
; Sofia, -- reina, consort de Joan Carles I, rei d'Espanya, -- 1938-
; Muller i d'Abadal, Josep M., -- 1919-1981
; Garicano Goñi, Tomás, -- 1910-1988
; Visites oficials -- Hospitalet de Llobregat (Catalunya)
; Pelayo Ros, Tomás -- Medalles
; Gran Creu del Mèrit Civil
; Alcaldes -- Barcelona (Catalunya)
; Espanya -- Reis i sobirans
MARC
| LEADER | 00000nam a2200000Ia 4500 | ||
|---|---|---|---|
| 008 | 160829s9999 xx 000 0 cat d | ||
| 245 | |a Día de la provincia, en Hospitalet de Llobregat, honrado por los príncipes de España | ||
| 260 | |a San Jorge, núm. 88 (4t trimestre 1972), pàg 6 - 16 | ||
| 600 | 0 | 0 | |a Joan Carles |b I, |c rei d'Espanya, |d 1938- |9 54272 |
| 600 | 0 | 0 | |a Sofia, |c reina, consort de Joan Carles I, rei d'Espanya, |d 1938- |9 54273 |
| 600 | 0 | |a Muller i d'Abadal, Josep M., |d 1919-1981 |9 28922 | |
| 600 | 1 | 0 | |a Garicano Goñi, Tomás, |d 1910-1988 |9 56121 |
| 650 | 0 | |a Visites oficials |9 54040 |z Hospitalet de Llobregat (Catalunya) | |
| 650 | |a Pelayo Ros, Tomás |x Medalles |9 23005 | ||
| 650 | |a Gran Creu del Mèrit Civil |9 42002 | ||
| 650 | 0 | |a Alcaldes |z Barcelona (Catalunya) |9 42004 | |
| 651 | 0 | |a Espanya |x Reis i sobirans |9 54042 | |
| 901 | |a Arxiu | ||
| 942 | |n 1 |2 udc | ||
| 952 | |0 0 |1 0 |4 0 |7 1 |9 50602 |a Arxiu |b Arxiu |d 2016-12-01 |l 0 |r 2016-12-01 00:00:00 |w 2016-12-01 |y ARXIU | ||
| 999 | |c 54444 |d 54444 | ||